[Event "Uljanovsk Sidorov Memorial"]
[Site "Uljanovsk"]
[Date "2014.07.20"]
[Round "9"]
[White "Elkin, Alexander"]
[Black "Usachev, Andrey"]
[Result "1-0"]
[WhiteElo "2187"]
[BlackElo "1931"]
[PlyCount "111"]
[EventDate "2014.07.16"]
[EventType "swiss"]
[EventRounds "9"]
[EventCountry "RUS"]
[SourceTitle "CBM 161 Extra"]
[Source "ChessBase"]
[SourceDate "2014.08.29"]
[SourceVersion "1"]
[SourceVersionDate "2014.08.29"]
[SourceQuality "1"]

1. Nf3 d5 2. b4 Nf6 3. Bb2 Bf5 4. e3 e6 5. a3 Bd6 6. d4 0-0 7. Bd3 Bg6 8. Bxg6 hxg6 9. Nbd2 Nbd7 10. c4 c6 11. Qb3 Re8 12. 0-0 g5 13. c5 Bc7 14. Ne5 Nxe5 15. dxe5 Nh7 16. f4 a5 17. Nf3 g4 18. Ne1 Nf8 19. Qd1 Qh4 20. g3 Qh3 21. Nd3 axb4 22. axb4 Rxa1 23. Bxa1 Ra8 24. Nf2 Qh7 25. Nxg4 Qe4 26. Bd4 Ra2 27. Nf2 Qc2 28. Qxc2 Rxc2 29. Ra1 Bb8 30. Rb1 Ba7 31. Ra1 Bb8 32. h4 Nd7 33. g4 f6 34. Ra8 Kf7 35. Nd3 Rd2 36. Ra3 Nf8 37. Ne1 Rd1 38. Kf2 fxe5 39. fxe5 Rd2+ 40. Kg3 Rd1 41. Nf3 Rb1 42. Ra4 Nd7 43. h5 Rh1 44. Ra2 Ke7 45. Rb2 Rc1 46. g5 Bc7 47. Rh2 Kf8 48. h6 Kg8 49. Rf2 gxh6 50. gxh6 Nf6 51. Kf4 Rc4 52. Rg2+ Kh8 53. Ng5 Nh5+ 54. Kg4 Nf6+ 55. exf6 e5 56. f7 1-0

[Event "Uljanovsk Sidorov Memorial"]
[Site "Uljanovsk"]
[Date "2014.07.19"]
[Round "8"]
[White "Beldyugin, Alexey"]
[Black "Elkin, Alexander"]
[Result "0-1"]
[WhiteElo "2093"]
[BlackElo "2187"]
[PlyCount "84"]
[EventDate "2014.07.16"]
[EventType "swiss"]
[EventRounds "9"]
[EventCountry "RUS"]
[SourceTitle "CBM 161 Extra"]
[Source "ChessBase"]
[SourceDate "2014.08.29"]
[SourceVersion "1"]
[SourceVersionDate "2014.08.29"]
[SourceQuality "1"]

1. Nf3 c5 2. c4 Nc6 3. g3 g6 4. Bg2 Bg7 5. Nc3 Nf6 6. d4 cxd4 7. Nxd4 0-0 8. 0-0 Nxd4 9. Qxd4 d6 10. Rd1 a6 11. Qd2 Qc7 12. b3 Bd7 13. Bb2 Bc6 14. Rac1 Bxg2 15. Kxg2 Rac8 16. Nd5 Nxd5 17. cxd5 Qd7 18. Bxg7 Kxg7 19. Rc3 Qf5 20. Qd4+ f6 21. e4 Qg4 22. f3 Qd7 23. Rdc1 Kf7 24. a4 h5 25. h4 Rfd8 26. Rc4 f5 27. Qd3 Rxc4 28. Rxc4 fxe4 29. Rxe4 Rg8 30. Re6 Qc7 31. Qe4 b5 32. g4 hxg4 33. fxg4 bxa4 34. bxa4 Qb7 35. g5 Rg7 36. Kg3 Qb3+ 37. Kf4 Kf8 38. Kg4 Rf7 39. h5 Qd1+ 40. Qe2 Qg1+ 41. Kh3 Rf2 42. Rxe7 Qh2+ 0-1

[Event "Uljanovsk Sidorov Memorial"]
[Site "Uljanovsk"]
[Date "2014.07.17"]
[Round "3"]
[White "Elkin, Alexander"]
[Black "Dobrocmyslov, Artem"]
[Result "1-0"]
[WhiteElo "2187"]
[BlackElo "1942"]
[PlyCount "99"]
[EventDate "2014.07.16"]
[EventType "swiss"]
[EventRounds "9"]
[EventCountry "RUS"]
[SourceTitle "CBM 161 Extra"]
[Source "ChessBase"]
[SourceDate "2014.08.29"]
[SourceVersion "1"]
[SourceVersionDate "2014.08.29"]
[SourceQuality "1"]

1. b3 d5 2. e3 Nf6 3. Bb2 c5 4. f4 g6 5. Bb5+ Bd7 6. Qe2 a6 7. Bxd7+ Qxd7 8. Nf3 Nc6 9. Ne5 Qc7 10. d3 Bg7 11. Nxc6 Qxc6 12. Nd2 0-0 13. 0-0 b5 14. Be5 a5 15. a4 b4 16. Rf3 Nd7 17. Bxg7 Kxg7 18. Raf1 Rac8 19. Qf2 f5 20. Rh3 Qf6 21. Qf3 Nb6 22. g4 Qc3 23. Rf2 c4 24. dxc4 dxc4 25. Qb7 Qf6 26. gxf5 gxf5 27. Qf3 cxb3 28. Qh5 h6 29. cxb3 Nd5 30. Nc4 Kh7 31. e4 Rg8+ 32. Rg3 Rxg3+ 33. hxg3 Rxc4 34. bxc4 Ne3 35. exf5 Nxc4 36. Qe2 Qf7 37. Qd3 Kg8 38. Re2 Nd6 39. Re5 b3 40. Rxa5 b2 41. Ra8+ Ne8 42. Rb8 Kg7 43. Rxb2 Qf6 44. Rb1 Qc6 45. Re1 Qxa4 46. Rxe7+ Kf8 47. Re6 Qa1+ 48. Kh2 Qa7 49. Qe3 Qf7 50. Rxe8+ 1-0

[Event "Dimitrovgrad Petrosian Memorial op"]
[Site "Dimitrovgrad"]
[Date "2011.07.02"]
[Round "7"]
[White "Elkin, Alexander"]
[Black "Suhachev, Viktor"]
[Result "1/2-1/2"]
[WhiteElo "2162"]
[BlackElo "1947"]
[PlyCount "36"]
[EventDate "2011.06.18"]
[EventType "swiss"]
[EventRounds "9"]
[EventCountry "RUS"]
[SourceTitle "EXT 2012"]
[Source "ChessBase"]
[SourceDate "2011.11.24"]
[SourceVersion "1"]
[SourceVersionDate "2011.11.24"]
[SourceQuality "1"]

1. Nf3 d5 2. b4 Nf6 3. Bb2 e6 4. a3 a5 5. b5 Bd6 6. e3 Nbd7 7. d4 0-0 8. Nbd2 Qe7 9. Ne5 Ne4 10. Nxe4 dxe4 11. Nxd7 Bxd7 12. c4 b6 13. Qc2 f5 14. Be2 c6 15. c5 bxc5 16. dxc5 Bxc5 17. bxc6 Rfc8 18. 0-0 Bxc6 1/2-1/2

[Event "Dimitrovgrad Petrosian Memorial op"]
[Site "Dimitrovgrad"]
[Date "2011.06.19"]
[Round "2"]
[White "Elkin, Alexander"]
[Black "Akimov, Gennadiy"]
[Result "1-0"]
[WhiteElo "2162"]
[BlackElo "1957"]
[PlyCount "101"]
[EventDate "2011.06.18"]
[EventType "swiss"]
[EventRounds "9"]
[EventCountry "RUS"]
[SourceTitle "EXT 2012"]
[Source "ChessBase"]
[SourceDate "2011.11.24"]
[SourceVersion "1"]
[SourceVersionDate "2011.11.24"]
[SourceQuality "1"]

1. Nf3 d5 2. b4 Nf6 3. Bb2 e6 4. a3 Be7 5. e3 0-0 6. d4 Nbd7 7. Bd3 Ne4 8. 0-0 f5 9. Nbd2 Bd6 10. c4 c6 11. Ne5 Nxe5 12. dxe5 Nxd2 13. Qxd2 Be7 14. Qc2 Bd7 15. Rac1 Rc8 16. Qb3 a6 17. a4 h6 18. b5 axb5 19. axb5 Qb6 20. Bd4 Qd8 21. Ra1 f4 22. exf4 Rxf4 23. Be3 Rf8 24. Ra7 Rb8 25. f4 Qe8 26. cxd5 cxd5 27. g4 Kh8 28. Rf3 Bg5 29. Kg2 d4 30. Bd2 Bd8 31. Rh3 Qf7 32. Qb1 Be8 33. Ra4 Rc8 34. Qe1 Qd7 35. g5 Qd5+ 36. Be4 Qxb5 37. Rb4 Qa6 38. gxh6 g6 39. Rxd4 Kh7 40. Bb4 Rg8 41. Rhd3 Bc6 42. Kh3 Qb5 43. Bxc6 Qxc6 44. Rd7+ Kh8 45. Qd1 Qe4 46. Rxd8 Qxb4 47. Rxc8 Rxc8 48. Qg4 Qe4 49. Rg3 Qf5 50. Qxf5 gxf5 51. Rb3 1-0

[Event "Dimitrovgrad op"]
[Site "Dimitrovgrad"]
[Date "2008.08.08"]
[Round "6"]
[White "Elkin, Alexander"]
[Black "Natacheev, Peter"]
[Result "1/2-1/2"]
[WhiteElo "2186"]
[BlackElo "2185"]
[PlyCount "42"]
[EventDate "2008.08.05"]
[EventType "swiss"]
[EventRounds "9"]
[EventCountry "RUS"]
[SourceTitle "EXT 2022"]
[Source "ChessBase"]
[SourceDate "2021.10.06"]
[SourceVersion "1"]
[SourceVersionDate "2021.10.06"]
[SourceQuality "1"]

1. b3 d5 2. e3 Bf5 3. Bb2 Nc6 4. d3 e5 5. Nd2 Nf6 6. g3 e4 7. d4 Qd7 8. Ne2 Bd6 9. a3 h5 10. h3 Ne7 11. c4 c6 12. Qc2 Nh7 13. 0-0-0 Ng5 14. h4 Nf3 15. Nc3 Nxd2 16. Qxd2 Bg4 17. Be2 a6 18. Na4 Qd8 19. Bxg4 hxg4 20. c5 Bc7 21. Bc3 Rh6 1/2-1/2

[Event "Dimitrovgrad Petrosian Memorial op"]
[Site "Dimitrovgrad"]
[Date "2008.06.11"]
[Round "9"]
[White "Predke, Alexandr"]
[Black "Elkin, Alexander"]
[Result "1-0"]
[WhiteElo "2164"]
[BlackElo "2135"]
[PlyCount "65"]
[EventDate "2008.06.01"]
[EventType "swiss"]
[EventRounds "9"]
[EventCountry "RUS"]
[SourceTitle "CBM 124 Extra"]
[Source "ChessBase"]
[SourceDate "2008.07.03"]
[SourceVersion "1"]
[SourceVersionDate "2008.07.03"]
[SourceQuality "1"]

1. b3 d6 2. g3 g6 3. Bb2 Nf6 4. Bg2 Bg7 5. Nf3 0-0 6. 0-0 c6 7. c4 Re8 8. d3 Nbd7 9. Nc3 h6 10. Qc2 Nf8 11. e4 Bd7 12. d4 Qc8 13. Rfe1 N6h7 14. e5 dxe5 15. Nxe5 Bh3 16. Bh1 Qc7 17. Qe2 Ne6 18. Rad1 Bxe5 19. Qxe5 Qxe5 20. Rxe5 Rad8 21. d5 cxd5 22. Rexd5 Rxd5 23. Nxd5 Nc5 24. Ba3 b6 25. b4 Nd7 26. c5 Nhf6 27. Nxf6+ Nxf6 28. c6 b5 29. Bb2 Rc8 30. Be5 Ne8 31. c7 Nxc7 32. Bb7 Rb8 33. Bg2 1-0

[Event "Dimitrovgrad Petrosian Memorial op"]
[Site "Dimitrovgrad"]
[Date "2008.06.09"]
[Round "8"]
[White "Elkin, Alexander"]
[Black "Abramov, Pavel"]
[Result "1-0"]
[WhiteElo "2135"]
[BlackElo "2052"]
[PlyCount "121"]
[EventDate "2008.06.01"]
[EventType "swiss"]
[EventRounds "9"]
[EventCountry "RUS"]
[SourceTitle "CBM 124 Extra"]
[Source "ChessBase"]
[SourceDate "2008.07.03"]
[SourceVersion "1"]
[SourceVersionDate "2008.07.03"]
[SourceQuality "1"]

1. b3 d5 2. e3 Nf6 3. Bb2 g6 4. d3 Bg7 5. Nd2 Nbd7 6. g3 0-0 7. Bg2 e5 8. Ne2 c6 9. h3 Re8 10. 0-0 h6 11. g4 Kh7 12. Ng3 Ng8 13. e4 Nc5 14. Qf3 Be6 15. a4 Ne7 16. Qe3 Nd7 17. Rae1 f5 18. gxf5 gxf5 19. exf5 Nxf5 20. Nxf5 Bxf5 21. Nf3 Re6 22. Qc1 Rg6 23. Kh1 e4 24. dxe4 Bxe4 25. Bxg7 Rxg7 26. Re3 Qf6 27. Ne1 Nc5 28. f3 Bf5 29. Qa3 Qh4 30. f4 Ne4 31. Bxe4 Bxe4+ 32. Kh2 Rag8 33. Qb4 Qxe1 34. Qxe4+ dxe4 35. Rfxe1 Rg2+ 36. Kh1 Rxc2 37. Rxe4 Rg3 38. Re7+ Kg6 39. Rg1 Rxg1+ 40. Kxg1 Rc3 41. Rxb7 Rxh3 42. Kg2 Rc3 43. a5 Kf5 44. a6 Kxf4 45. Rxa7 Rc2+ 46. Kh3 Ra2 47. Ra8 Kg5 48. a7 Kh5 49. Kg3 Ra3 50. Kf4 Ra6 51. Ke5 Kh4 52. Kd6 h5 53. Kc7 Kh3 54. Kb7 Ra3 55. Rh8 Rxb3+ 56. Kxc6 Ra3 57. Rxh5+ Kg4 58. Rh7 Kf5 59. Kb7 Rb3+ 60. Kc7 Ra3 61. Kb8 1-0

[Event "Dimitrovgrad Petrosian Memorial op"]
[Site "Dimitrovgrad"]
[Date "2008.06.01"]
[Round "1"]
[White "Bezvitelnov, Dmitriy"]
[Black "Elkin, Alexander"]
[Result "0-1"]
[WhiteElo "1711"]
[BlackElo "2135"]
[PlyCount "80"]
[EventDate "2008.06.01"]
[EventType "swiss"]
[EventRounds "9"]
[EventCountry "RUS"]
[SourceTitle "CBM 124 Extra"]
[Source "ChessBase"]
[SourceDate "2008.07.03"]
[SourceVersion "1"]
[SourceVersionDate "2008.07.03"]
[SourceQuality "1"]

1. d4 e6 2. c4 b6 3. Nc3 Bb7 4. Nf3 d6 5. Bg5 Ne7 6. e4 h6 7. Bh4 g5 8. Bg3 Bg7 9. Bd3 Nd7 10. 0-0 0-0 11. d5 e5 12. Nd2 Ng6 13. b4 Nf4 14. Bxf4 exf4 15. Rc1 Ne5 16. Be2 a5 17. b5 Bc8 18. Nf3 Bd7 19. Nxe5 Bxe5 20. Bg4 Bxg4 21. Qxg4 Qf6 22. g3 Bxc3 23. gxf4 Bd2 24. fxg5 Qxg5 25. Qxg5+ hxg5 26. Rc2 Bf4 27. f3 Kg7 28. Rg2 Kf6 29. a4 Rh8 30. Re1 Rh3 31. Rf1 Rah8 32. Re2 Bxh2+ 33. Kf2 Bg3+ 34. Ke3 Ke5 35. Rg1 Bf4+ 36. Kd3 Rxf3+ 37. Kc2 Rhh3 38. Kb2 Kd4 39. Rd1+ Kc5 40. Rc2 Ra3 0-1

[Event "Nezhmetdinov Memorial 29th"]
[Site "Kazan"]
[Date "2007.06.07"]
[Round "7"]
[White "Zaletov, Yuri"]
[Black "Elkin, Alexander"]
[Result "0-1"]
[WhiteElo "2129"]
[BlackElo "2089"]
[PlyCount "78"]
[EventDate "2007.06.01"]
[EventType "swiss"]
[EventRounds "9"]
[EventCountry "RUS"]
[SourceTitle "CBM 119 Extra"]
[Source "ChessBase"]
[SourceDate "2007.09.04"]
[SourceVersion "1"]
[SourceVersionDate "2007.09.04"]
[SourceQuality "1"]

1. e4 e6 2. d4 b6 3. Bd3 Bb7 4. Nf3 d6 5. 0-0 Nd7 6. Qe2 h6 7. Nc3 g6 8. Re1 Bg7 9. e5 d5 10. Bf4 Ne7 11. Rad1 a6 12. Nb1 c5 13. c3 Qc7 14. b3 b5 15. dxc5 Nxc5 16. Bc2 Rc8 17. Nbd2 0-0 18. h4 Nf5 19. g4 Nxh4 20. Nxh4 g5 21. Bg3 gxh4 22. Bxh4 Rfe8 23. f3 Nd7 24. Nb1 d4 25. Bg3 dxc3 26. g5 hxg5 27. Rd3 b4 28. Qh2 Nf8 29. Qh5 Rcd8 30. Rxd8 Rxd8 31. Qxg5 Bxf3 32. Bf2 Bb7 33. Qf4 Ng6 34. Qxb4 Nxe5 35. Bg3 Nf3+ 36. Kf2 Qd7 37. Rd1 Bd4+ 38. Kg2 Ne1+ 39. Kf1 Nxc2 0-1

[Event "RUS-chT U18"]
[Site "Sochi"]
[Date "2007.05.09"]
[Round "?"]
[White "Kamov, Igor"]
[Black "Elkin, Alexander"]
[Result "0-1"]
[WhiteElo "2243"]
[BlackElo "2054"]
[PlyCount "70"]
[EventDate "2007.05.02"]
[EventType "team-tourn"]
[EventRounds "9"]
[EventCountry "RUS"]
[SourceTitle "CBM 118 Extra"]
[Source "ChessBase"]
[SourceDate "2007.07.04"]
[SourceVersion "1"]
[SourceVersionDate "2007.07.04"]
[SourceQuality "1"]

1. d4 b6 2. e4 e6 3. Bd3 Bb7 4. c3 f5 5. Nd2 Nf6 6. Qe2 Be7 7. Ngf3 fxe4 8. Nxe4 0-0 9. 0-0 Nxe4 10. Bxe4 Bxe4 11. Qxe4 Nc6 12. Bf4 Kh8 13. Bg3 Bf6 14. Rad1 Ne7 15. Be5 Ng8 16. d5 exd5 17. Qxd5 d6 18. Bg3 Qd7 19. Rfe1 a5 20. h4 a4 21. h5 Ne7 22. Qc4 Ra5 23. Be5 Bxe5 24. Nxe5 Qf5 25. Nf3 Nd5 26. Qh4 Nf4 27. h6 g5 28. Qh2 g4 29. Nd4 Qf6 30. Re4 Re5 31. Re3 c5 32. Rxe5 dxe5 33. Nc2 Ne2+ 34. Kh1 g3 35. Qh5 gxf2 0-1

[Event "Volga Rating"]
[Site "Dimitrovgrad"]
[Date "2006.12.13"]
[Round "11"]
[White "Ulanov, Alexandr"]
[Black "Elkin, Alexander"]
[Result "1/2-1/2"]
[WhiteElo "2087"]
[BlackElo "2049"]
[PlyCount "71"]
[EventDate "2006.12.08"]
[EventType "tourn"]
[EventRounds "11"]
[EventCountry "RUS"]
[SourceTitle "EXT 2019"]
[Source "ChessBase"]
[SourceDate "2018.10.10"]
[SourceVersion "1"]
[SourceVersionDate "2018.10.10"]
[SourceQuality "1"]

1. d4 e6 2. Nf3 b6 3. e4 Bb7 4. Bd3 Nf6 5. Nbd2 c5 6. c3 cxd4 7. cxd4 Bb4 8. Qe2 d5 9. e5 Ne4 10. a3 Nxd2 11. Nxd2 Be7 12. f4 Nc6 13. Nf3 Qd7 14. Be3 0-0-0 15. Rc1 Kb8 16. 0-0 f6 17. Nd2 f5 18. Rc2 h6 19. Bb5 Rc8 20. Nf3 Rc7 21. Rfc1 Rhc8 22. Rc3 Qd8 23. Ne1 Na5 24. Qd3 Rxc3 25. Rxc3 Rxc3 26. Qxc3 a6 27. Be2 b5 28. Nd3 Nc4 29. Bc1 a5 30. b3 Nxa3 31. Bxa3 Bxa3 32. b4 Bxb4 33. Nxb4 axb4 34. Qxb4 Qc7 35. Bxb5 Qc1+ 36. Bf1 1/2-1/2

[Event "Volga Rating"]
[Site "Dimitrovgrad"]
[Date "2006.12.09"]
[Round "2"]
[White "Zaletov, Yuri"]
[Black "Elkin, Alexander"]
[Result "0-1"]
[WhiteElo "2187"]
[BlackElo "2049"]
[PlyCount "60"]
[EventDate "2006.12.08"]
[EventType "tourn"]
[EventRounds "11"]
[EventCountry "RUS"]
[SourceTitle "EXT 2019"]
[Source "ChessBase"]
[SourceDate "2018.10.10"]
[SourceVersion "1"]
[SourceVersionDate "2018.10.10"]
[SourceQuality "1"]

1. e4 e6 2. d4 b6 3. c4 Bb7 4. Nc3 Bb4 5. Bd3 f5 6. Qh5+ g6 7. Qe2 Nf6 8. f3 Nc6 9. Be3 fxe4 10. fxe4 e5 11. a3 exd4 12. axb4 dxe3 13. b5 Ne5 14. Qxe3 Nfg4 15. Qd4 0-0 16. Be2 Qh4+ 17. g3 Qg5 18. Nh3 Qh6 19. Nf4 g5 20. Nfd5 Qg7 21. Qd2 Rf2 22. Qd1 Rxh2 23. Rxh2 Nxh2 24. Nxc7 Rf8 25. Qd6 Nhf3+ 26. Kd1 Rf6 27. Qb4 Qh6 28. Bxf3 Nxf3 29. Kc2 Nd4+ 30. Kb1 Rf1+ 0-1

[Event "Penza op U16"]
[Site "Penza"]
[Date "2006.11.07"]
[Round "6"]
[White "Elkin, Alexander"]
[Black "Demin, Dmitry"]
[Result "0-1"]
[WhiteElo "2043"]
[BlackElo "1714"]
[PlyCount "72"]
[EventDate "2006.11.01"]
[EventType "swiss"]
[EventRounds "7"]
[EventCountry "RUS"]
[SourceTitle "EXT 2007"]
[Source "ChessBase"]
[SourceDate "2006.11.23"]
[SourceVersion "1"]
[SourceVersionDate "2006.11.23"]
[SourceQuality "1"]

1. b3 e5 2. e3 Nc6 3. Bb2 d5 4. Bb5 Bd6 5. f4 f6 6. fxe5 fxe5 7. Nf3 Qe7 8. Bxc6+ bxc6 9. Nxe5 Qh4+ 10. g3 Qh3 11. Qf3 Nh6 12. Nd3 Rf8 13. Nf4 Bxf4 14. exf4 Rf7 15. Na3 Bg4 16. Qf1 Qh5 17. h3 Bf3 18. Rg1 Re7+ 19. Be5 Rxe5+ 20. fxe5 Qxe5+ 21. Kf2 Kd7 22. Qe1 Qf6 23. Qe3 Rf8 24. Rge1 Qd6 25. Qd4 Nf5 26. Qe5 Qc5+ 27. Kxf3 Nh4+ 28. Kg4 Nf3 29. Qxg7+ Kc8 30. Re3 h5+ 31. Kxh5 d4+ 32. Re5 Nxe5 33. b4 Rf5+ 34. Kh6 Qd6+ 35. Kh7 Rh5+ 36. Kg8 Qe6+ 0-1

[Event "Privolzhskogo FO-ch U14"]
[Site "Oktjabrsky"]
[Date "2004.11.??"]
[Round "4"]
[White "Chernikov, Oleg L"]
[Black "Elkin, Alexander"]
[Result "0-1"]
[WhiteElo "2422"]
[BlackElo "1950"]
[PlyCount "72"]
[EventDate "2004.11.??"]
[EventType "swiss"]
[EventRounds "9"]
[EventCountry "RUS"]
[SourceTitle "EXT 2006"]
[Source "ChessBase"]
[SourceDate "2005.11.24"]
[SourceVersion "1"]
[SourceVersionDate "2005.11.24"]
[SourceQuality "1"]

1. e4 c5 2. c3 d5 3. exd5 Qxd5 4. d4 cxd4 5. cxd4 Nc6 6. Be3 e6 7. Nc3 Bb4 8. Nf3 Nf6 9. Bd3 Bxc3+ 10. bxc3 0-0 11. 0-0 Kh8 12. Qc2 Qd8 13. Bg5 h6 14. Bh4 Bd7 15. Ne5 Rc8 16. Qd2 Rc7 17. Nxd7 Rxd7 18. f4 Qe7 19. Qe2 Re8 20. Bc2 Qf8 21. Bxf6 gxf6 22. Rfe1 Rc8 23. Ba4 Rdc7 24. Qb2 b6 25. Rac1 Ne7 26. Bb3 Qd8 27. Rc2 Qd6 28. g3 Rg8 29. Kf2 Nf5 30. Rd1 e5 31. fxe5 fxe5 32. Re2 exd4 33. cxd4 Nxg3 34. d5+ f6 35. Rc2 Qf4+ 36. Kg2 Rxc2+ 0-1

[Event "Privolzhskogo FO-ch U14"]
[Site "Oktjabrsky"]
[Date "2004.11.??"]
[Round "5"]
[White "Dimukhametov, Artur"]
[Black "Elkin, Alexander"]
[Result "1/2-1/2"]
[WhiteElo "2274"]
[BlackElo "1950"]
[PlyCount "140"]
[EventDate "2004.11.??"]
[EventType "swiss"]
[EventRounds "9"]
[EventCountry "RUS"]
[SourceTitle "EXT 2006"]
[Source "ChessBase"]
[SourceDate "2005.11.24"]
[SourceVersion "1"]
[SourceVersionDate "2005.11.24"]
[SourceQuality "1"]

1. d4 b6 2. c4 e6 3. Nc3 Bb7 4. e4 Bb4 5. Qc2 Nf6 6. e5 Ng8 7. Nf3 Bxf3 8. gxf3 Nc6 9. Be3 Nge7 10. a3 Bxc3+ 11. Qxc3 Nf5 12. 0-0-0 Nxe3 13. fxe3 Ne7 14. Rg1 Ng6 15. Bd3 c6 16. Be4 Rc8 17. Kb1 Qe7 18. f4 0-0 19. Qc2 d5 20. exd6 Qxd6 21. f5 Ne7 22. f6 Ng6 23. h4 gxf6 24. h5 f5 25. hxg6 fxg6 26. Bd3 Rf7 27. e4 Qf8 28. exf5 exf5 29. c5 b5 30. Qb3 Kh8 31. Bc2 Rd8 32. Qf3 Rc7 33. Rh1 Qg7 34. d5 cxd5 35. Rxd5 Rdc8 36. Bb3 h5 37. Rxf5 Rxc5 38. Rf7 Qe5 39. Rf8+ Kh7 40. Rf7+ Kh6 41. Rf1 a5 42. Qf4+ Qxf4 43. R7xf4 Re5 44. Rf6 b4 45. Bc2 Rg5 46. axb4 axb4 47. Rb6 Rc4 48. Bb3 Rh4 49. Rc6 Rh2 50. Bc2 Rhg2 51. Ra6 h4 52. Ra8 R5g4 53. Rh1 Kg5 54. Ra6 Kf4 55. Rxg6 Rxg6 56. Bxg6 Rxg6 57. Rxh4+ Ke5 58. Rxb4 Kd5 59. Ka2 Kc5 60. Rb8 Rb6 61. Rc8+ Kb5 62. Kb3 Rb7 63. Kc3 Rg7 64. Rb8+ Ka6 65. b4 Rg3+ 66. Kc4 Rg4+ 67. Kb3 Rg3+ 68. Ka4 Rg4 69. Rh8 Rg6 70. Rh7 Kb6 1/2-1/2

[Event "Privolzhskogo FO-ch U14"]
[Site "Oktjabrsky"]
[Date "2004.11.??"]
[Round "6"]
[White "Elkin, Alexander"]
[Black "Alachihin, Vladimir"]
[Result "1-0"]
[WhiteElo "1950"]
[BlackElo "1986"]
[PlyCount "104"]
[EventDate "2004.11.??"]
[EventType "swiss"]
[EventRounds "9"]
[EventCountry "RUS"]
[SourceTitle "EXT 2006"]
[Source "ChessBase"]
[SourceDate "2005.11.24"]
[SourceVersion "1"]
[SourceVersionDate "2005.11.24"]
[SourceQuality "1"]

1. Nf3 Nf6 2. b3 d5 3. Bb2 e6 4. e3 c5 5. Ne5 a6 6. Be2 Bd6 7. f4 Nbd7 8. 0-0 0-0 9. d3 b6 10. Nd2 Bb7 11. Ndf3 Qc7 12. Rc1 Rad8 13. Kh1 Ne8 14. Nxd7 Qxd7 15. Ne5 Qc7 16. Bf3 Qe7 17. c4 Nc7 18. Qc2 Ba8 19. Rcd1 Rc8 20. h3 Rfd8 21. Qf2 f6 22. Ng4 b5 23. cxb5 axb5 24. Qg3 Kh8 25. Qh4 Ne8 26. Nh2 e5 27. Rfe1 Qc7 28. Bg4 Rb8 29. Bf5 g6 30. Bxg6 Qg7 31. Bxe8 Rxe8 32. Ng4 Be7 33. Qf2 d4 34. fxe5 fxe5 35. e4 Rg8 36. Re2 Rbf8 37. Qg1 Bc6 38. Bc1 Bg5 39. Bxg5 Qxg5 40. Rf1 Bd7 41. Nh2 Qg3 42. Rxf8 Rxf8 43. Rd2 b4 44. Rd1 Rf4 45. Rd2 Kg7 46. Qd1 Kh8 47. Nf1 Qh4 48. Kh2 Qf6 49. Ng3 Qf7 50. Qc2 Qf8 51. Qc4 Qf7 52. Rc2 Qf8 1-0